Estadísticas para Países con la Tasa de Asesinato más Altas

Haz click aquí para intentar la prueba.

Estadísticas generales

  • Esta prueba ha sido intentada 1.416 veces
  • La puntuación promedio es 11 de 22

Estadísticas de respuestas

TasaPaís#% Correcto
15.7México19,669
93%
27.9Colombia13,343
90%
62.0Venezuela19,030
89%
24.6Brasil50,674
88%
84.6Honduras5,936
78%
64.2El Salvador3,921
76%
31.2Guatemala4,998
73%
17.2Panamá663
60%
33.0Sudáfrica17,805
55%
17.4República Dominicana1,810
50%
34.4Belice121
48%
36.1Jamaica1,005
43%
17.0Guyana135
32%
25.9Trinidad y Tobago351
29%
29.8Bahamas111
27%
21.5Dominica15
27%
21.6Santa Lucía39
24%
33.6San Cristóbal y Nieves18
23%
25.6San Vicente y las Granadinas28
23%
17.2Namibia388
22%
38.0Lesoto764
17%
17.4Suazilandia208
15%

Distribución de puntuación

Porcentaje por número respondido

Porcentaje de gente con cada puntuación

Historial de tus puntuaciones

No has intentado esta prueba.